<?xml version="1.0" encoding="UTF-8"?>
<record
    xmlns:xsi="http://www.w3.org/2001/XMLSchema-instance"
    xsi:schemaLocation="http://www.loc.gov/MARC21/slim http://www.loc.gov/standards/marcxml/schema/MARC21slim.xsd"
    xmlns="http://www.loc.gov/MARC21/slim">

  <leader>00720nam a22001577a 4500</leader>
  <controlfield tag="003">OSt</controlfield>
  <controlfield tag="005">20151120143943.0</controlfield>
  <controlfield tag="008">151120b        xxu||||| |||| 00| 0 eng d</controlfield>
  <datafield tag="040" ind1=" " ind2=" ">
    <subfield code="c">RUA </subfield>
  </datafield>
  <datafield tag="082" ind1=" " ind2=" ">
    <subfield code="a">FIS &#x1791;&#x17B9;&#x1798; 1995 B159 Or.1</subfield>
  </datafield>
  <datafield tag="100" ind1=" " ind2=" ">
    <subfield code="9">3960</subfield>
    <subfield code="a">&#x1791;&#x17B9;&#x1798;&#x200B; &#x179F;&#x17B6;&#x179C;&#x17BB;&#x1792;</subfield>
  </datafield>
  <datafield tag="245" ind1=" " ind2=" ">
    <subfield code="a">Socioeconomice benefits of inundated forests in kandal province-a case study of khpob commune saang district, &#x1795;&#x179B;&#x1794;&#x17D2;&#x179A;&#x1799;&#x17C4;&#x1787;&#x179F;&#x17C1;&#x178A;&#x17D2;&#x178B;&#x1780;&#x17B7;&#x1785;&#x17D2;&#x1785;&#x179F;&#x1784;&#x17D2;&#x1782;&#x1798;&#x1793;&#x17C3;&#x1796;&#x17D2;&#x179A;&#x17C3;&#x179B;&#x17B7;&#x1785;&#x1791;&#x17B9;&#x1780;&#x1780;&#x17D2;&#x1793;&#x17BB;&#x1784; &#x1781;&#x17C1;&#x178F;&#x17D2;&#x178F;&#x1780;&#x178E;&#x17D2;&#x178A;&#x17B6;&#x179B; &#x179F;&#x17B7;&#x1780;&#x17D2;&#x179F;&#x17B6;&#x1783;&#x17BB;&#x17C6;&#x1781;&#x17D2;&#x1796;&#x1794; &#x179F;&#x17D2;&#x179A;&#x17BB;&#x1780;&#x179F;&#x17D2;&#x17A2;&#x17B6;&#x1784;,</subfield>
  </datafield>
  <datafield tag="260" ind1=" " ind2=" ">
    <subfield code="a">Phnom Penh </subfield>
    <subfield code="b">RUA </subfield>
    <subfield code="c">1995</subfield>
  </datafield>
  <datafield tag="300" ind1=" " ind2=" ">
    <subfield code="a">63p.</subfield>
    <subfield code="b">ill.</subfield>
    <subfield code="c">29cm.</subfield>
  </datafield>
  <datafield tag="942" ind1=" " ind2=" ">
    <subfield code="2">ddc</subfield>
    <subfield code="c">FIS</subfield>
  </datafield>
  <datafield tag="999" ind1=" " ind2=" ">
    <subfield code="c">3681</subfield>
    <subfield code="d">3681</subfield>
  </datafield>
  <datafield tag="952" ind1=" " ind2=" ">
    <subfield code="0">0</subfield>
    <subfield code="1">0</subfield>
    <subfield code="2">ddc</subfield>
    <subfield code="4">0</subfield>
    <subfield code="6">FIS_&#x1791;&#x17B9;&#x1798;_1995_000000000000000_B159_OR_1</subfield>
    <subfield code="7">0</subfield>
    <subfield code="9">18227</subfield>
    <subfield code="a">LBB</subfield>
    <subfield code="b">LBB</subfield>
    <subfield code="d">2015-11-20</subfield>
    <subfield code="o">FIS &#x1791;&#x17B9;&#x1798; 1995 B159 Or.1</subfield>
    <subfield code="p">RUA011267</subfield>
    <subfield code="r">2015-11-20</subfield>
    <subfield code="w">2015-11-20</subfield>
    <subfield code="y">FIS</subfield>
  </datafield>
  <datafield tag="952" ind1=" " ind2=" ">
    <subfield code="0">0</subfield>
    <subfield code="1">0</subfield>
    <subfield code="2">ddc</subfield>
    <subfield code="4">0</subfield>
    <subfield code="6">FIS_&#x1791;&#x17B9;&#x1798;_1995_000000000000000_B159_OR_2</subfield>
    <subfield code="7">0</subfield>
    <subfield code="9">18228</subfield>
    <subfield code="a">LBB</subfield>
    <subfield code="b">LBB</subfield>
    <subfield code="d">2015-11-20</subfield>
    <subfield code="o">FIS &#x1791;&#x17B9;&#x1798; 1995 B159 Or.2</subfield>
    <subfield code="p">RUA011537</subfield>
    <subfield code="r">2015-11-20</subfield>
    <subfield code="w">2015-11-20</subfield>
    <subfield code="y">FIS</subfield>
  </datafield>
  <datafield tag="952" ind1=" " ind2=" ">
    <subfield code="0">0</subfield>
    <subfield code="1">0</subfield>
    <subfield code="2">ddc</subfield>
    <subfield code="4">0</subfield>
    <subfield code="6">FIS_&#x1791;&#x17B9;&#x1798;_1995_000000000000000_B159_OR_3</subfield>
    <subfield code="7">0</subfield>
    <subfield code="9">18229</subfield>
    <subfield code="a">LBB</subfield>
    <subfield code="b">LBB</subfield>
    <subfield code="d">2015-11-20</subfield>
    <subfield code="o">FIS &#x1791;&#x17B9;&#x1798; 1995 B159 Or.3</subfield>
    <subfield code="p">RUA011901</subfield>
    <subfield code="r">2015-11-20</subfield>
    <subfield code="w">2015-11-20</subfield>
    <subfield code="y">FIS</subfield>
  </datafield>
  <datafield tag="952" ind1=" " ind2=" ">
    <subfield code="0">0</subfield>
    <subfield code="1">0</subfield>
    <subfield code="2">ddc</subfield>
    <subfield code="4">0</subfield>
    <subfield code="6">FIS_&#x1791;&#x17B9;&#x1798;_1995_000000000000000_B159_OR_4</subfield>
    <subfield code="7">0</subfield>
    <subfield code="9">18230</subfield>
    <subfield code="a">LBB</subfield>
    <subfield code="b">LBB</subfield>
    <subfield code="d">2015-11-20</subfield>
    <subfield code="o">FIS &#x1791;&#x17B9;&#x1798; 1995 B159 Or.4</subfield>
    <subfield code="p">RUA011413</subfield>
    <subfield code="r">2015-11-20</subfield>
    <subfield code="w">2015-11-20</subfield>
    <subfield code="y">FIS</subfield>
  </datafield>
  <datafield tag="952" ind1=" " ind2=" ">
    <subfield code="0">0</subfield>
    <subfield code="1">0</subfield>
    <subfield code="2">ddc</subfield>
    <subfield code="4">0</subfield>
    <subfield code="6">FIS_&#x1791;&#x17B9;&#x1798;_1995_000000000000000_B159_OR_5</subfield>
    <subfield code="7">0</subfield>
    <subfield code="9">18231</subfield>
    <subfield code="a">LBB</subfield>
    <subfield code="b">LBB</subfield>
    <subfield code="d">2015-11-20</subfield>
    <subfield code="o">FIS &#x1791;&#x17B9;&#x1798; 1995 B159 Or.5</subfield>
    <subfield code="p">RUA011340</subfield>
    <subfield code="r">2015-11-20</subfield>
    <subfield code="w">2015-11-20</subfield>
    <subfield code="y">FIS</subfield>
  </datafield>
  <datafield tag="952" ind1=" " ind2=" ">
    <subfield code="0">0</subfield>
    <subfield code="1">0</subfield>
    <subfield code="2">ddc</subfield>
    <subfield code="4">0</subfield>
    <subfield code="6">FIS_&#x1791;&#x17B9;&#x1798;_1995_000000000000000_B159_OR_6</subfield>
    <subfield code="7">0</subfield>
    <subfield code="9">18232</subfield>
    <subfield code="a">LBB</subfield>
    <subfield code="b">LBB</subfield>
    <subfield code="d">2015-11-20</subfield>
    <subfield code="o">FIS &#x1791;&#x17B9;&#x1798; 1995 B159 Or.6</subfield>
    <subfield code="p">RUA011900</subfield>
    <subfield code="r">2015-11-20</subfield>
    <subfield code="w">2015-11-20</subfield>
    <subfield code="y">FIS</subfield>
  </datafield>
  <datafield tag="952" ind1=" " ind2=" ">
    <subfield code="0">0</subfield>
    <subfield code="1">0</subfield>
    <subfield code="2">ddc</subfield>
    <subfield code="4">0</subfield>
    <subfield code="6">FIS_&#x1791;&#x17B9;&#x1798;_1995_000000000000000_B159_OR_7</subfield>
    <subfield code="7">0</subfield>
    <subfield code="9">18233</subfield>
    <subfield code="a">LBB</subfield>
    <subfield code="b">LBB</subfield>
    <subfield code="d">2015-11-20</subfield>
    <subfield code="o">FIS &#x1791;&#x17B9;&#x1798; 1995 B159 Or.7</subfield>
    <subfield code="p">RUA011680</subfield>
    <subfield code="r">2015-11-20</subfield>
    <subfield code="w">2015-11-20</subfield>
    <subfield code="y">FIS</subfield>
  </datafield>
  <datafield tag="952" ind1=" " ind2=" ">
    <subfield code="0">0</subfield>
    <subfield code="1">0</subfield>
    <subfield code="2">ddc</subfield>
    <subfield code="4">0</subfield>
    <subfield code="6">FIS_&#x1791;&#x17B9;&#x1798;_1995_000000000000000_B159_OR_8</subfield>
    <subfield code="7">0</subfield>
    <subfield code="9">18234</subfield>
    <subfield code="a">LBB</subfield>
    <subfield code="b">LBB</subfield>
    <subfield code="d">2015-11-20</subfield>
    <subfield code="o">FIS &#x1791;&#x17B9;&#x1798; 1995 B159 Or.8</subfield>
    <subfield code="p">RUA011097</subfield>
    <subfield code="r">2015-11-20</subfield>
    <subfield code="w">2015-11-20</subfield>
    <subfield code="y">FIS</subfield>
  </datafield>
  <datafield tag="952" ind1=" " ind2=" ">
    <subfield code="0">0</subfield>
    <subfield code="1">0</subfield>
    <subfield code="2">ddc</subfield>
    <subfield code="4">0</subfield>
    <subfield code="6">FIS_&#x1791;&#x17B9;&#x1798;_1995_000000000000000_B159_OR_9</subfield>
    <subfield code="7">0</subfield>
    <subfield code="9">18235</subfield>
    <subfield code="a">LBB</subfield>
    <subfield code="b">LBB</subfield>
    <subfield code="d">2015-11-20</subfield>
    <subfield code="o">FIS &#x1791;&#x17B9;&#x1798; 1995 B159 Or.9</subfield>
    <subfield code="p">RUA011169</subfield>
    <subfield code="r">2015-11-20</subfield>
    <subfield code="w">2015-11-20</subfield>
    <subfield code="y">FIS</subfield>
  </datafield>
  <datafield tag="952" ind1=" " ind2=" ">
    <subfield code="0">0</subfield>
    <subfield code="1">0</subfield>
    <subfield code="2">ddc</subfield>
    <subfield code="4">0</subfield>
    <subfield code="6">FIS_&#x1791;&#x17B9;&#x1798;_1995_000000000000000_B159_OR_10</subfield>
    <subfield code="7">0</subfield>
    <subfield code="9">18236</subfield>
    <subfield code="a">LBB</subfield>
    <subfield code="b">LBB</subfield>
    <subfield code="d">2015-11-20</subfield>
    <subfield code="o">FIS &#x1791;&#x17B9;&#x1798; 1995 B159 Or.10</subfield>
    <subfield code="p">RUA011896</subfield>
    <subfield code="r">2015-11-20</subfield>
    <subfield code="w">2015-11-20</subfield>
    <subfield code="y">FIS</subfield>
  </datafield>
</record>
